01669nam a22003857a 4500003000500000005001700005008004100022010001000063011001000073035001000083040000900093090001000102100003500112245017700147260004000324300003000364502007800394590003700472590004100509590004200550650003400592650002400626650003500650650002000685650003500705901000700740942000900747949003600756949004100792949004100833999001700874952013200891952013201023952012801155CHAP20220329135623.0971013s1983 r 00010 d a39421 a40393 a44518 cCHAP aTesis00aFilho, Emmanuel Franco.940862 aDinámica de población de Meloidogyne sp. bajo distintos manejos del agroecosistema de aguacatero (Persea americana Mill), y patogenicidad de Phythium spp. a este frutal aChapingo, Méx. :bEl autor,c1983 a82 h.b: ilus. ; gráfs. aTesis (M. en C. esp. en Fitopatología) -- CP. Centro de Fitopatología aALEPHb10c20130110lUCH01h1307 aBATCH-UPDb10c20130110lUCH01h1020 aCONVERSIONb10c20130109lUCH01h132214aAguacatexEnfermedades.9251014aMeloidogyne.97442814aPhytophthora cinnamomi.98792114aPythium.99310614aTristeza del aguacate.9115188 aBK cFOLL bBCcTESd-101918eTS1i44518si bBCcTESd-101919eTS2fc.2i44518si bBCcTESd-101920eTS2fc.3i44518si c39421d39421 00102local4053708TESISaBCbBCcPA_TESISd2012-12-17fFOLLl0oTesisp-101919r2019-12-31 00:00:00tc.2w2019-12-31yTESIS 00102local4053708TESISaBCbBCcPA_TESISd2012-12-17fFOLLl0oTesisp-101920r2019-12-31 00:00:00tc.3w2019-12-31yTESIS 00102local4051708TESISaBCbBCcPA_TESISd2012-12-17fTESISl0oTesisp-101918r2019-12-31 00:00:00w2019-12-31yTESIS